Fr. Conceicao Rodrigues College of Engineering

Thermal Engineering (Record no. 34321)

MARC details
000 -LEADER
fixed length control field 00254nam a2200121Ia 4500
100 ## - MAIN ENTRY--PERSONAL NAME
Personal name Ballaney P.L
245 ## - TITLE STATEMENT
Title Thermal Engineering
260 ## - PUBLICATION, DISTRIBUTION, ETC.
Name of publisher, distributor, etc. Khanna pub.
Place of publication, distribution, etc. New Delhi
Date of publication, distribution, etc. 1993
300 ## - PHYSICAL DESCRIPTION
Extent 1420
546 ## - LANGUAGE NOTE
Language note ENGLISH
654 ## - SUBJECT ADDED ENTRY--FACETED TOPICAL TERMS
Focus term thermal
942 ## - ADDED ENTRY ELEMENTS (KOHA)
Koha item type BOOK
Holdings
Withdrawn status Lost status Damaged status Not for loan Collection Home library Current library Shelving location Date acquired Total Checkouts Full call number Barcode Date last seen Price effective from Koha item type
        CRC Fr. Agnel's C.Rodrigues College of Engineering Fr. Agnel's C.Rodrigues College of Engineering   17/03/2023   7786 17/03/2023 17/03/2023 BOOK